|
|
|
|
| LEADER |
00000nas a2200000 a 4500 |
| 001 |
ssj0006930 |
| 003 |
WaSeSS |
| 005 |
20200512172242.0 |
| 006 |
m d |
| 007 |
cr n |
| 008 |
750714d19622008nyuqr p s 0 a0eng c |
| 010 |
|
|
|a 68005695
|
| 016 |
7 |
|
|a 000044764063
|2 AU
|
| 016 |
7 |
|
|a 010040676
|2 DE-101
|
| 016 |
7 |
|
|a 2810-1
|2 DE-600
|
| 016 |
7 |
|
|a 9875798
|2 DNLM
|
| 016 |
7 |
|
|a I00860000
|2 DNLM
|
| 016 |
7 |
|
|a 009209086
|2 Uk
|
| 022 |
|
|
|l 0018-8670
|y 0018-8670
|
| 030 |
|
|
|a IBMSA7
|
| 035 |
|
|
|a (WaSeSS)ssj0006930
|
| 040 |
|
|
|a DRB
|b eng
|c DRB
|d NSD
|d IUL
|d RCS
|d HUL
|d DLC
|d NST
|d AIP
|d DLC
|d AIP
|d OCL
|d AIP
|d OCL
|d NST
|d NST
|d NSD
|d IUL
|d OCL
|d NLM
|d OCLCQ
|d DLC
|d NLGGC
|d LVB
|d TJC
|d BOS
|d HUL
|d CUS
|d DLC
|d OCLCQ
|d IEEEX
|d CUS
|d HEBIS
|d GEBAY
|d GBVCP
|d OCLCQ
|d OCLCO
|d OCLCF
|d OCLCO
|d DEBBG
|d IUL
|d I8M
|d OCLCO
|d TPA
|d OCLCO
|d OCLCA
|d OCLCQ
|d CSJ
|d AVA
|d OCLCO
|d OKS
|d OCLCQ
|d OCLCO
|d RDF
|d OCLCO
|d CSA
|d PAU
|d AU@
|d UKMGB
|d HUELT
|d OCLCO
|d OCLCA
|d UKBTH
|d OCLCQ
|d OCLCO
|d CPO
|d OCLCO
|d BUF
|d OCLCO
|d OCLCA
|d OCLCQ
|d OCLCO
|d WaSeSS
|
| 042 |
|
|
|a nsdp
|a pcc
|
| 050 |
0 |
0 |
|a TA168
|b .I5
|
| 050 |
1 |
4 |
|a QA76.A1
|b F62
|
| 082 |
0 |
4 |
|a 620.7/05
|2 19
|
| 210 |
0 |
|
|a IBM syst. j.
|
| 222 |
|
0 |
|a IBM systems journal
|
| 245 |
0 |
0 |
|a IBM systems journal
|h [electronic resource].
|
| 246 |
3 |
|
|a International business machines systems journal
|
| 260 |
|
|
|a Armonk, N.Y. :
|b International Business Machines Corp.
|
| 310 |
|
|
|a Quarterly
|
| 362 |
1 |
|
|a Began in Sept. 1962; ceased in print with v. 47, no. 4 (2008).
|
| 506 |
|
|
|a License restrictions may limit access.
|
| 555 |
|
|
|a Beginning in 1970, each vol. includes an index covering the preceding five year period.
|
| 555 |
|
|
|a Cumulative index, authors, subjects, abstracts: v. 1 (1962)-33 (1994), as v. 33, no. 4.
|
| 588 |
0 |
|
|a Vol. 22, no. 3, published in 1983; title from cover.
|
| 588 |
1 |
|
|a Vol. 33, no. 4, published in 1994.
|
| 650 |
|
0 |
|a Systems engineering
|v Periodicals.
|
| 650 |
|
0 |
|a Electronic data processing
|v Periodicals.
|
| 650 |
|
0 |
|a Computers
|v Periodicals.
|
| 650 |
|
6 |
|a Électronique
|v Périodiques.
|
| 650 |
|
6 |
|a Ordinateurs
|v Périodiques.
|
| 650 |
|
6 |
|a Informatique
|v Périodiques.
|
| 650 |
|
7 |
|a Computers.
|2 fast
|0 (OCoLC)fst00872776
|
| 650 |
|
7 |
|a Electronic data processing.
|2 fast
|0 (OCoLC)fst00906956
|
| 650 |
|
7 |
|a Systems engineering.
|2 fast
|0 (OCoLC)fst01141455
|
| 650 |
|
7 |
|a Datenverarbeitung
|2 gnd
|
| 650 |
|
7 |
|a Zeitschrift
|2 gnd
|
| 650 |
1 |
7 |
|a Computersystemen.
|2 gtt
|
| 650 |
0 |
7 |
|a Datenverarbeitung.
|2 swd
|
| 650 |
0 |
7 |
|a Zeitschrift.
|2 swd
|
| 655 |
|
0 |
|a Electronic journals.
|
| 710 |
2 |
|
|a International Business Machines Corporation.
|
| 776 |
0 |
8 |
|i Microfilm version:
|t IBM systems journal
|x 0018-8670
|w (DLC)sn 95033716
|w (OCoLC)6056522
|
| 785 |
0 |
5 |
|t IBM journal of research and development (Online)
|x 2151-8556
|w (DLC) 2009235254
|w (OCoLC)45401601
|
| 850 |
|
|
|a CaOTDT
|a DLC
|a IaAS
|a InU
|a MChB
|a MH-BA
|a MdBJ
|a NcD
|a NjR
|a OrCS
|a VtU
|
| 853 |
3 |
3 |
|8 1
|a v.
|b no.
|u 4
|v r
|i (year)
|j month
|w 4
|x 01
|
| 853 |
3 |
3 |
|8 2
|a v.
|b no.
|u 4
|v r
|i (year)
|j (month)
|w q
|x 02
|
| 856 |
4 |
0 |
|z Full text available from Research Library: 10/01/1987 to 10/31/2008
|u https://search.proquest.com/publication/35072
|
| 863 |
4 |
0 |
|8 1
|a <19>-
|i <1980>-
|x provisional
|
| 863 |
4 |
0 |
|8 2
|a <22>-
|i <1983>-
|x provisional
|